000 00829nam a2200265 a 4500
001 000108951
003 CHAP
005 20220329144031.0
008 140324s2012 mx a |r| ||||||spa d
010 _a105413
011 _a106385
020 _a9786070053870
040 _cCHAP
082 0 4 _a972.48
_bV29
100 1 _aVargas Serna, Daniel H.
_9126038
245 1 0 _aLa pahua frondosa :
_breportaje histórico y cultural de Pahuatlán de Valle /
_cpor Daniel H. Vargas Serna.
260 _aPuebla, México. :
_bGogierno Estado de Puebla . Programa de Desarrollo Cultural de la Huasteca,
_c2012.
300 _a284 p. :
_bilus.
590 _aE5765TAJ
_b05
_c20140324
_lUCH01
_h1218
590 _aE5765TAJ
_b05
_c20140324
_lUCH01
_h1219
650 1 4 _aPuebla
_xHistoria.
_992878
901 _aBK
942 _cLIBRO
942 _n0
999 _c105413
_d105413